El cartero Holböll (Record no. 146320)

MARC details
000 -LEADER
campo de control de longitud fija 00639nam a2200193 i 4500
001 - NÚMERO DE CONTROL
campo de control 146320
003 - IDENTIFICADOR DE NÚMERO DE CONTROL
campo de control ES-MaACL
005 - FECHA Y HORA DE LA ÚLTIMA TRANSACCIÓN
campo de control 20230906201506.0
007 - CAMPO FIJO DE DESCRIPCIÓN FÍSICA--INFORMACIÓN GENERAL
campo de control de longitud fija t|
008 - DATOS DE LONGITUD FIJA--INFORMACIÓN GENERAL
campo de control de longitud fija 070906s1961 sp ||||1| spa d
080 ## - NÚMERO DE LA CLASIFICACIÓN DECIMAL UNIVERSAL
Número de la Clasificación Decimal Universal 849.9-23"19"
100 1# - ENTRADA PRINCIPAL--NOMBRE DE PERSONA
Nombre de persona Trías Fabregas, Juan.
9 (RLIN) 111377
245 13 - MENCIÓN DEL TÍTULO
Título El cartero Holböll
Resto del título : fantasía en un acto y en verso escrita en catalán /
Mención de responsabilidad, etc. por Juan Trías Fabregas y vertida al castellano por Juan Muñoz García.
250 ## - MENCION DE EDICION
Mención de edición 2ª ed.
260 ## - PUBLICACIÓN, DISTRIBUCIÓN, ETC.
Lugar de publicación, distribución, etc. Madrid :
Nombre del editor, distribuidor, etc. Prensa Española,
Fecha de publicación, distribución, etc. 1961.
300 ## - DESCRIPCIÓN FÍSICA
Extensión 62 p. ;
Dimensiones 18 cm.
700 1# - ENTRADA AGREGADA--NOMBRE PERSONAL
Nombre de persona Muñoz García, Juan.
9 (RLIN) 84423
852 ## - LOCALIZACIÓN
Ubicación ES-MaACL
Número de control de estantería C-20166
Sublocalización o colección R.48544
Holdings
Estatus retirado Estado de pérdida Estado de daño No para préstamo Biblioteca de origen Biblioteca actual Ubicación en estantería Fecha de adquisición Fuente de adquisición Total de préstamos Signatura topográfica completa Código de barras Visto por última vez Precio de reemplazo Tipo de ítem Koha
        Biblioteca del Ateneo de Madrid Biblioteca del Ateneo de Madrid Galería 17/01/2008     C-20166 1152721 23/02/2023 23/02/2023 Libro impreso